000 00878nam a22002897a 4500
001 8608
003 FISKH
005 20251003150715.0
008 251002b cb ||||| |||| 00| 0 eng d
020 _a078073165254
040 _aFISKH
_beng
_cFISKH
_dFISKH
050 _aPZ7 .A46245
082 _a371
100 _a Higgins, Maxwell
_eAuthor
245 _aBubble bear :
_bAlpha tales B /
260 _aNew York :
_bScholastic Inc ;
_c2001
300 _a16 pages :
_bcolor illustrations ;
_c26 cm
505 _aE
520 _aBear loves to blow bubbles. But when Badger tries to spoil Bear's fun, he blows a bubble you won't believe!
521 8 _a200
_bLexile estimate
521 8 _aE
_bRaz-Plus
650 _aAlpha tales
_vAlphabet
650 _aPreschool
_vRhymes
700 _aChambliss, Maxie
_eIllustrator
942 _2ddc
_cBK
_n0
999 _c8608
_d8608